000 00272cam a2200109ua 4500
082 _a824
_bKRI/ON
100 _aS. Krishnankutty .
_91646
245 _aOn the Heights: An Anthology of Prose /
260 _a :
_bOrient longman ,
_c1971.
300 _a144 ; .
942 _cBK
999 _c11367
_d11367